<?xml version="1.0" encoding="UTF-8"?>
<collection xmlns="http://www.loc.gov/MARC21/slim">
 <record>
  <leader>06074nam a2200457 a 4500</leader>
  <controlfield tag="001">kal969</controlfield>
  <controlfield tag="003">Gr-AtHEAL</controlfield>
  <controlfield tag="005">20160421132252.0</controlfield>
  <controlfield tag="006">m        d        </controlfield>
  <controlfield tag="008">160413s2015    gr      s           gre|c</controlfield>
  <datafield tag="020" ind1=" " ind2=" ">
   <subfield code="a">9789606034312</subfield>
  </datafield>
  <datafield tag="040" ind1=" " ind2=" ">
   <subfield code="a">GR-AtHEAL</subfield>
   <subfield code="b">gre</subfield>
   <subfield code="c">GR-AtHEAL</subfield>
  </datafield>
  <datafield tag="082" ind1="0" ind2="4">
   <subfield code="a">617</subfield>
   <subfield code="2">23</subfield>
  </datafield>
  <datafield tag="100" ind1="1" ind2=" ">
   <subfield code="a">Γαλιατσάτος, Αριστείδης.</subfield>
   <subfield code="8">242</subfield>
  </datafield>
  <datafield tag="245" ind1="1" ind2="0">
   <subfield code="a">Εγχειρίδιον εργαστηριακών ασκήσεων οδοντικής μορφολογίας</subfield>
   <subfield code="h">[Ηλεκτρονικός πόρος] </subfield>
   <subfield code="b">Οδηγός οδοντικής μορφολογίας</subfield>
   <subfield code="c">Γαλιατσάτος, Αριστείδης ; Κριτικός αναγνώστης,Προμπονάς, Aντώνιος ; Τεχνική επιμέλεια,Παπαβασιλείου, Σπυρίδων.</subfield>
  </datafield>
  <datafield tag="260" ind1=" " ind2=" ">
   <subfield code="a">Αθήνα :</subfield>
   <subfield code="b">Σύνδεσμος Ελληνικών Ακαδημαϊκών Βιβλιοθηκών,</subfield>
   <subfield code="c">c2015.</subfield>
  </datafield>
  <datafield tag="490" ind1=" " ind2=" ">
   <subfield code="a">Ακαδημαϊκά Ηλεκτρονικά Συγγράμματα και Βοηθήματα Κάλλιπος</subfield>
   <subfield code="8">40</subfield>
  </datafield>
  <datafield tag="520" ind1=" " ind2=" ">
   <subfield code="a">Ένα μεγάλο μέρος της οδοντιατρικής επιστήμης ασχολείται με την αποκατάσταση ή αναπλήρωση των σκληρών οδοντικών ιστών που έχουν απολεσθεί από διάφορες αιτίες, κατά τέτοιο τρόπο που να αποδίδεται το φυσιολογικό σχήμα και μέγεθος στον οδοντικό φραγμό. Επομένως ή γνώση της φυσιιολογικής μορφολογίας των δοντιών είναι απαραίτητη προϋπόθεση στον ασχολούμενο με την οδοντιατρική αποκαταστατική διαδικασία (οδοντίατρο ή/και οδοντοτεχνίτη), ώστε να επιτευχθεί το επιθυμητό αποτέλεσμα. Τα μορφολογικά και ανατομικά στοιχεία του κάθε δοντιού ξεχωριστά, αλλά και ως σύνολο, είναι εκείνα που παίζουν σημαντικό ρόλο τόσο στην σωστή λειτουργία του στοματογναθικού συστήματος, όσο και στην αισθητική του προσώπου. Στο συγκεκριμένο βιβλίο περιγράφονται λεπτομερώς όλα τα μορφολογικά χαρακτηριστικά των φυσικών δοντιών. Η περιγραφή αναφέρεται σε κάθε δόντι ξεχωριστά παρουσιάζοντας τα ιδιαίτερα χαρακτηριστικά του που το κάνουν να ξεχωρίζει από τα υπόλοιπα, είτε της ομάδας του, είτε και όλου του φραγμού. Επιπλέον γίνεται και συγκριτική αξιολόγηση μεταξύ των δοντιών της ίδιας ομάδας,, τονίζοντας τις διαφορές των δοντιών δεξιού και αριστερού ημιμορίου,τις διαφορές των δοντιών άνω και κάτω γνάθου και τις διαφορές μεταξύ νεογιλών και μόνιμων δοντιών. Επίσης δίδονται στοιχεία ανατομίας της στοματικής κοιλότητας, όπως επίσης και στοιχεία σύγκλεισης των δοντιών,τα οποία κρίνονται απαράιτητα για τη σωστή και ευκολότερη εκμάθηση της μορφολογίας και λειτουργίας των δοντιών. Το σύνολο της περιγραφής συνοδεύεται από πολλά σχήματα και εικόνες, δεδομένου ότι η οπτικοποίηση των μορφολογικών στοιχείων των δοντιών είναι ένας πολύ δόκιμος τρόπος εκμάθησής της μορφολογίας τους.</subfield>
  </datafield>
  <datafield tag="650" ind1=" " ind2="0">
   <subfield code="a">Tooth</subfield>
   <subfield code="8">2057</subfield>
  </datafield>
  <datafield tag="650" ind1=" " ind2="0">
   <subfield code="a">Dentition</subfield>
   <subfield code="8">2058</subfield>
  </datafield>
  <datafield tag="653" ind1=" " ind2=" ">
   <subfield code="a">Οπίσθια δόντια</subfield>
  </datafield>
  <datafield tag="653" ind1=" " ind2=" ">
   <subfield code="a">Πρόσθια δόντια</subfield>
  </datafield>
  <datafield tag="653" ind1=" " ind2=" ">
   <subfield code="a">Γομφίοι</subfield>
  </datafield>
  <datafield tag="653" ind1=" " ind2=" ">
   <subfield code="a">Προγόμφιοι</subfield>
  </datafield>
  <datafield tag="653" ind1=" " ind2=" ">
   <subfield code="a">Κυνόδοντες</subfield>
  </datafield>
  <datafield tag="653" ind1=" " ind2=" ">
   <subfield code="a">Τομείς</subfield>
  </datafield>
  <datafield tag="653" ind1=" " ind2=" ">
   <subfield code="a">Μόνιμη οδοντοφυΐα</subfield>
  </datafield>
  <datafield tag="653" ind1=" " ind2=" ">
   <subfield code="a">Νεογιλή οδοντοφυΐα</subfield>
  </datafield>
  <datafield tag="653" ind1=" " ind2=" ">
   <subfield code="a">Οδοντική μορφολογία</subfield>
  </datafield>
  <datafield tag="653" ind1=" " ind2=" ">
   <subfield code="a">Τεχνολογία και επιστήμες μηχανικών</subfield>
   <subfield code="a">Ιατρική τεχνολογία και μηχανική</subfield>
   <subfield code="a">Βιοϊατρική τεχνολογία και εμβιομηχανική</subfield>
   <subfield code="a">Βιοϊατρικά υλικά</subfield>
   <subfield code="a">Οδοντιατρικά υλικά</subfield>
  </datafield>
  <datafield tag="653" ind1=" " ind2=" ">
   <subfield code="a">Επιστήμες υγείας</subfield>
   <subfield code="a">Οδοντιατρική</subfield>
   <subfield code="a">Οδοντιατρικές ειδικότητες</subfield>
   <subfield code="a">Προσθετική δοντιών</subfield>
  </datafield>
  <datafield tag="653" ind1=" " ind2=" ">
   <subfield code="a">Επιστήμες υγείας</subfield>
   <subfield code="a">Οδοντιατρική</subfield>
   <subfield code="a">Οδοντιατρικές ειδικότητες</subfield>
   <subfield code="a">Ορθοδοντική</subfield>
  </datafield>
  <datafield tag="653" ind1=" " ind2=" ">
   <subfield code="a">Επιστήμες υγείας</subfield>
   <subfield code="a">Οδοντιατρική</subfield>
   <subfield code="a">Οδοντιατρική θεραπευτική</subfield>
  </datafield>
  <datafield tag="653" ind1=" " ind2=" ">
   <subfield code="a">Επιστήμες υγείας</subfield>
   <subfield code="a">Οδοντιατρική</subfield>
   <subfield code="a">Οδοντιατρική χειρουργική</subfield>
  </datafield>
  <datafield tag="653" ind1=" " ind2=" ">
   <subfield code="a">Επιστήμες υγείας</subfield>
   <subfield code="a">Συναφή επαγγέλματα υγείας</subfield>
   <subfield code="a">Οδοντική τεχνολογία</subfield>
  </datafield>
  <datafield tag="700" ind1="1" ind2=" ">
   <subfield code="a">Προμπονάς, Aντώνιος</subfield>
   <subfield code="e">Κριτικός αναγνώστης</subfield>
   <subfield code="8">243</subfield>
  </datafield>
  <datafield tag="856" ind1="4" ind2="0">
   <subfield code="u">http://hdl.handle.net/11419/969</subfield>
   <subfield code="z">Πλήρες Κείμενο - Full text</subfield>
  </datafield>
  <datafield tag="907" ind1=" " ind2=" ">
   <subfield code="a">.b25679983</subfield>
   <subfield code="b">12-06-18</subfield>
   <subfield code="c">29-07-16</subfield>
  </datafield>
  <datafield tag="949" ind1=" " ind2=" ">
   <subfield code="0">0</subfield>
   <subfield code="1">0</subfield>
   <subfield code="2">ddc</subfield>
   <subfield code="4">0</subfield>
   <subfield code="6">617_000000000000000_ΓΑΛ</subfield>
   <subfield code="7">0</subfield>
   <subfield code="8">KALL</subfield>
   <subfield code="8">757</subfield>
   <subfield code="d">2016-04-13</subfield>
   <subfield code="r">2016-04-13</subfield>
   <subfield code="w">2016-04-13</subfield>
   <subfield code="z">617 ΓΑΛ</subfield>
   <subfield code="o">SEAB KALLIPOS</subfield>
  </datafield>
  <datafield tag="998" ind1=" " ind2=" ">
   <subfield code="a">80</subfield>
   <subfield code="a">01</subfield>
   <subfield code="a">02</subfield>
   <subfield code="a">03</subfield>
   <subfield code="a">04</subfield>
   <subfield code="a">05</subfield>
   <subfield code="a">06</subfield>
   <subfield code="a">07</subfield>
   <subfield code="a">08</subfield>
   <subfield code="a">09</subfield>
   <subfield code="a">10</subfield>
   <subfield code="a">11</subfield>
   <subfield code="a">12</subfield>
   <subfield code="a">13</subfield>
   <subfield code="a">14</subfield>
   <subfield code="a">15</subfield>
   <subfield code="a">16</subfield>
   <subfield code="a">17</subfield>
   <subfield code="a">18</subfield>
   <subfield code="a">19</subfield>
   <subfield code="a">20</subfield>
   <subfield code="a">21</subfield>
   <subfield code="a">22</subfield>
   <subfield code="a">23</subfield>
   <subfield code="a">24</subfield>
   <subfield code="a">25</subfield>
   <subfield code="a">26</subfield>
   <subfield code="b">16-05-17</subfield>
   <subfield code="c">m</subfield>
   <subfield code="d">z  </subfield>
   <subfield code="e">-</subfield>
   <subfield code="f">gre</subfield>
   <subfield code="g">gr </subfield>
   <subfield code="h">0</subfield>
  </datafield>
  <datafield tag="942" ind1=" " ind2=" ">
   <subfield code="2">ddc</subfield>
   <subfield code="c">KALLIPOS</subfield>
  </datafield>
 </record>
</collection>
